Normal view
MARC view
- ادارة الاعمال-برامج الحاسوب-شبكات الاتصال
Entry Topical Term
001 - CONTROL NUMBER
- control field: 29867
003 - CONTROL NUMBER IDENTIFIER
- control field: JO-AjAnu
005 - DATE AND TIME OF LATEST TRANSACTION
- control field: 20230606075038.0
008 - FIXED-LENGTH DATA ELEMENTS
- fixed length control field: 230606|| aca||aabn | a|a d
040 ## - CATALOGING SOURCE
- Original cataloging agency: JO-AjAnu
- Transcribing agency: JO-AjAnu
150 ## - HEADING--TOPICAL TERM
- Topical term or geographic name entry element: ادارة الاعمال-برامج الحاسوب-شبكات الاتصال
670 ## - SOURCE DATA FOUND
- Source citation: Work cat.: (JO-AjAnu)15337: تأليف:الزعبي،هيثم/م مشارك:ابو الزيت،حسن/م مشارك:حمام،منير/م مشارك:ابو زيد،علي, author 29866, تطبيقات الفا في الادارة:تخصصات-الادارة-التسويق-ادارة المستودعات:انظمة ألفا الادارية